000 00267nam a2200109Ia 4500
005 20251222114408.0
008 251222s1900||||xx |||||||||||||| ||spa||
082 _aDVD0120/C83/1994
245 0 _aPavarotti in central park
264 _bTibor Rudas, Another
942 _cDVD
999 _c1910
_d1910